NBA Opening Day Starters 2025-26 - Statistics

General Stats
  • This quiz has been taken 100 times
    83 since last reset
  • The average score is 76 of 150
Answer Stats
Hint Group Answer % Correct
C 76ers Joel Embiid
96%
PG 76ers Tyrese Maxey
96%
PG Grizzlies Ja Morant
94%
SG Timberwolves Anthony Edwards
92%
PF/C Grizzlies Jaren Jackson Jr.
90%
PG Knicks Jalen Brunson
86%
C/PF Knicks Karl-Anthony Towns
86%
SG/SF Knicks Mikal Bridges
84%
PF/SF Hornets Miles Bridges
84%
PG Hawks Trae Young
84%
PF Mavericks Anthony Davis
82%
PF Bucks Giannis Antetokounmpo
82%
SG Lakers Austin Reaves
78%
PG Hornets LaMelo Ball
78%
PG/SF Lakers Luka Doncic
78%
SF/PF Nuggets Cameron Johnson
76%
PG Heat Davion Mitchell
76%
SG/PG Celtics Derrick White
76%
SG Cavaliers Donovan Mitchell
76%
PF Hawks Jalen Johnson
76%
PG Jazz Keyonte George
76%
PF/C Wizards Kyshawn George
76%
PG Clippers James Harden
74%
SF/SG Celtics Jaylen Brown
74%
SF/PF Knicks OG Anunoby
74%
PF Magic Paolo Banchero
74%
C Lakers DeAndre Ayton
72%
PG Nuggets Jamal Murray
72%
PF/SF Clippers Kawhi Leonard
72%
PF/C Heat Bam Adebayo
70%
C/PF Pacers Isaiah Jackson
70%
C Nuggets Nikola Jokic
70%
SG Magic Desmond Bane
68%
SF Magic Franz Wagner
68%
SF/PF Kings DeMar DeRozan
66%
SG 76ers VJ Edgecombe
66%
SF/PF Mavericks Cooper Flagg
64%
PF Cavaliers Evan Mobley
64%
SG Suns Grayson Allen
64%
C Cavaliers Jarrett Allen
64%
SG/SF Kings Zach Lavine
64%
PF Nuggets Aaron Gordon
62%
SF/SG Bucks AJ Green
62%
SF Pistons Ausar Thompson
62%
C/PF Warriors Draymond Green
62%
C Clippers Ivica Zubac
62%
PG/SG Magic Jalen Suggs
62%
G/SF Bulls Josh Giddey
62%
SG Mavericks Klay Thompson
62%
SF/PG Rockets Amen Thompson
60%
PG Bucks Kevin Porter Jr.
60%
SF/PF Nets Michael Porter Jr.
60%
SF/PF Warriors Jimmy Butler
58%
C Bucks Myles Turner
58%
PF Lakers Rui Hachimura
58%
SG Nuggets Christian Braun
56%
SG/PG Hawks Dyson Daniels
56%
SG/SF Hornets Kon Kneuppel
56%
C Bulls Nikola Vucevic
56%
PG Thunder Shai Gilgeous-Alexander
56%
SF/SG Hornets Brandon Miller
54%
SG Nets Cameron Thomas
54%
C Pistons Jalen Duren
54%
SF 76ers Kelly Oubre Jr.
54%
PG Warriors Steph Curry
54%
SG/SF Thunder Cason Wallace/Aaron Wiggins
52%
SG/SF Spurs Devin Vassell
52%
C Thunder Isaiah Hartenstein
52%
PG Celtics Payton Pritchard
52%
C/PF Rockets Alperen Sengun
50%
PG Pistons Cade Cunningham
50%
SG/PG Suns Devin Booker
50%
PF/SF Spurs Harrison Barnes
50%
PF Rockets Jabari Smith Jr
50%
SF/PF Rockets Kevin Durant
50%
SF Wizards Khris Middleton
50%
C Nets Nic Claxton
50%
C/PF Spurs Victor Wembanyama
50%
PG Trail Blazers Jrue Holiday
48%
PF/SF Raptors Scottie Barnes
48%
C Rockets Steven Adams
48%
PF Pistons Tobias Harris
48%
C Magic Wendell Carter Jr.
48%
PF Pelicans Zion Williamson
48%
PF/C Thunder Chet Holmgren
46%
C Mavericks Dereck Lively II
46%
PF Pacers Pascal Siakam
46%
C Timberwolves Rudy Gobert
46%
SG Spurs Stephon Castle
46%
C Wizards Alex Sarr
44%
SF/PF Heat Andrew Wiggins
44%
SG/PG Wizards CJ McCollum
44%
SF/SG Suns Dillon Brooks
44%
PF Timberwolves Julius Randle
44%
SF/SG Thunder Luguentz Dort
44%
PF Bulls Matas Buzelis
44%
SG Clippers Bradley Beal
42%
SG Warriors Brandin Podziemski
42%
SF/PF Raptors Brandon Ingram
42%
SF Timberwolves Jaden McDaniels
42%
C/PF Celtics Neemias Queta
42%
C Jazz Walker Kessler
42%
PF/SF Warriors Jonathan Kuminga
40%
PG/SG Pelicans Jordan Poole
40%
SG/SF Heat Norman Powell
40%
SG/SF Trail Blazers Shaedon Sharpe
40%
SF/PF Clippers Derrick Jones Jr.
38%
F/SG Pelicans Herbert Jones
38%
C Raptors Jakob Poeltl
38%
SG/SF Raptors R.J. Barrett
38%
PG Bulls Tre Jones
38%
SF Hawks Zaccharie Risacher
38%
PG Raptors Immanuel Quickley
36%
C/PF Hawks Onyeka Okongwu
36%
SF/PF Mavericks P.J. Washington
36%
SG Pacers Andrew Nembhard
34%
PF/SF Trail Blazers Deni Avdija
34%
SG/PG Pistons Jaden Ivey
34%
SF Pacers Aaron Nesmith
32%
SF Grizzlies Jaylen Wells
32%
SG Grizzlies Kentaious Caldwell-Pope
32%
SG/SF Pelicans Trey Murphy III
32%
SG/PG Lakers Gabe Vincent
30%
SF/PF Jazz Lauri Markannen
30%
SF/PF Trail Blazers Toumani Camara
30%
PG Kings Dennis Schroder
28%
PG/SG Timberwolves Donte DiVincenzo
28%
SG Bucks Gary Trent Jr.
28%
SF/SG Celtics Sam Hauser
28%
C Knicks Ariel Hukporti
26%
SG/SF Pacers Benedict Mathurin
26%
C Trail Blazers Donovan Clingan
26%
C Hornets Ryan Kalkbrenner
26%
SG Cavaliers Sam Merrill
26%
SF/SG Bulls Isaac Okoro
24%
SF/PF Suns Ryan Dunn
24%
PG/SG Wizards Carlton "Bub" Carrington
22%
C Pelicans Yves Missi
22%
C Grizzlies Jock Landale
20%
SF Spurs Julian Champagnie
20%
SF/SG Nets Terrance Mann
20%
SG/G Nets Ben Saraf
16%
PF/C Jazz Kyle Filipowski
16%
PF/C Heat Nikola Jovic
16%
C Kings Drew Eubanks
14%
SF/PF Cavaliers Jaylen Tyson
14%
PF 76ers Dominic Barlow
12%
PF Kings Nique Clifford
10%
C Suns Oso Ighodaro
10%
SF/SG Jazz Sviatoslav (Svi) Mykhailiuk
10%
No matching quizzes found
Score Distribution
Percent of People with Each Score
Percentile by Number Answered
Your Score History
You have not taken this quiz since the last reset